Open Data Biblioteca Nacional de Portugal


República Portuguesa: Ministério da Cultura
Biblioteca Nacional de Portugal

Catálogo da BNP: acesso por Identificadores Unívocos
Registos Bibliográficos associados ao registo de autoridade

Etiqueta de registo: 00254nam 2200025 450
001 2287229
003 http://id.bnportugal.gov.pt/bib/catbnp/2287229
010 ## $a978-972-541-205-3
021 ## $aPT$b563241/26
100 ## $a20260529d2026 m y0pory01030103ba
101 0# $apor
102 ## $aPT
105 ## $ay z 000yy
106 ## $ar
200 1# $aAntidiscriminação no TEDH$e uma análise transdisciplinar das intervenções do Juiz Paulo Pinto de Albuquerque$fcoord. Soraya Nour Sckell$gcolab. Anabela Costa Leão, Maria Manuela Magalhães Silva$gautores Carla Osmo... [et al.]
210 #9 $aLisboa$cUniversidade Católica Portuguesa,$d2026
215 ## $a377 p.$d24 cm
225 2# $aComentários e leis
532 12 $aAntidiscriminação no Tribunal Europeu dos Direitos Humanos
702 #1 $aSckell,$bSoraya Nour$4340$31608335
702 #1 $aLeão,$bAnabela F. da Costa$4205$31288428
702 #1 $aSilva,$bMaria Manuela Magalhães$4205$3194282
702 #1 $aOsmo,$bCarla$4070$31999658
702 #1 $aAlbuquerque,$bPaulo Pinto de,$f1966-$4100$3127460
801 #0 $aPT$bBN$gRPC
966 ## $lBN$mFGMON$x1
966 ## $lBN$mFGMON$x1
971 ## $cabrito$d20260529

OpendataBNP@bnportugal.pt | Mais informação sobre acesso aos dados BNP